000 01002nam a22002654a 4500
005 20090623152121.0
008 060525s2006 ii b 001 0 eng
010 _aENG-94198
020 _a9780198062486
_c250.00
020 _a0198062486
_c250.00
035 _aEN-77731
037 _bDBAD / PUB
040 _adpl
_bEnglish
082 _a250.61
100 _aPuri, Bharati
245 _aEngaged Buddhism :
_bthe Dalai Lama's worldview /
_cby Bharati Puri.
260 _aNew Delhi
_bOxford University Press
_c2009
270 _aYMCA Library Building, Jai Singh Road,
_bNew Delhi
_e110001
300 _aviii, 255 p. ;
_c22cm(pbk)
500 _aIncludes bibliographical references and index
650 _aBuddhism
_xDoctrines.
650 _aBuddhism and politics
942 _2ddc
_cEN
_mPUR
_h250.61
999 _c27807
_d27807